000 00685nam a2200265Ia 4500
008 170203s9999 xx 000 0 und d
020 _a1581850107
050 _a0 30
050 _bK77a 1998
100 _aKoethe, Rainer.
245 _aVolcanoes /
245 _cby Dr. Rainer Koethe ; illustrated by Gerd Ohnesorge.
260 _aNuremberg, Germany :
260 _bTessloff Pub.
260 _c1998
300 _a48 pages :
300 _billustrations, maps ;
300 _c28 cm.
440 _aStart me up!
440 _vvol. 9
650 _aVolcanoes --
650 _aVolcanoes.
650 _xJuvenile literature.
700 _aOhnesorge, Gerd, illustrator.
999 _c305614
_d305614